000 00802nam a2200253Ia 4500
003 OSt
005 20220926004915.0
006 a|||||r|||| 00| 0
007 ta
008 220923b |||||||| |||| 00| 0 eng d
020 _a9789352805082
_c595.00
037 _b113341, 12/02/2019, International Book Distrobutors
_cGeneral Book
040 _aRTL
_cRTL
_beng
041 _2eng
_aeng
082 _aX0gF, Q8
100 _aAGGARWAL Varun
_9309452
245 0 _aLeading science and technology
_b India next?
260 _a New Delhi
_bSage
_c2018
300 _axxii, 278p
_ccm.
500 _aBibliography chapterwise
650 _aEconomics
942 _hX0gF, Q8
_cGB
_2CC
999 _c612539
_d612539